00503nam a22001457a 450000500170000000800410001702000180005804100130007608200150008910000340010424501330013826000440027130000170031565000250033220231107094422.0231107b |||||||| |||| 00| 0 eng d a9780409063301 aEnglish  a346.47 WEB aWebster, GC et al. lEnglish  aWebster and Page South African Law of Trade Marks, Unlawful Competition, Company Names and Trading Styles / cGC Webster et al.  aDurban : bLexisNexis (Pty) Ltd, c1997 bx, c26 cm.  aLegal practice bLaw